000 00669nam a22001817a 4500
005 20251108171000.0
008 250721s1995 xx 000 0 ara d
082 1 4 _a658/موس
100 1 _aالمدهون، مرسي توفيق
245 1 0 _aتحليل السلوك التنظيمي :
_bسيكولوجيا وأدريا للعاملين والجمهور /
264 1 _aعمان :
_bالمركز العربي للخدمات الطلابية،
_c1995.
300 _a641ص
650 1 7 _aالإدارة والتنظيم
650 1 7 _aالسلوك التنظيمي
700 1 _aالجزاوي، إبراهيم محمد علي
942 _2ddc
_cBK
999 _c53609
_d53609